[Event "IRI-ch U16 Girls"]
[Site "Chess.com INT"]
[Date "2021.01.16"]
[Round "9"]
[White "Shooshtari, Fatemeh"]
[Black "Karimi, Maryam"]
[Result "0-1"]
[WhiteElo "1172"]
[BlackElo "1048"]
[PlyCount "66"]
[EventDate "2021.01.16"]
[EventType "swiss"]
[EventRounds "9"]
[EventCountry "IRI"]
[SourceTitle "EXT 2022"]
[Source "ChessBase"]
[SourceDate "2021.10.06"]
[SourceVersion "1"]
[SourceVersionDate "2021.10.06"]
[SourceQuality "1"]

1. e4 e5 2. Nf3 Nc6 3. Bc4 Bc5 4. 0-0 d6 5. h3 Be6 6. Bb3 Nf6 7. c3 0-0 8. Re1 Bb6 9. d4 Bxb3 10. axb3 exd4 11. cxd4 h6 12. d5 Ne5 13. Nc3 Nfd7 14. Nd4 c5 15. Nf3 f5 16. Nxe5 Nxe5 17. Qh5 f4 18. g3 fxg3 19. fxg3 c4+ 20. Kg2 Qf6 21. Bf4 Nd3 22. Rf1 Nxb2 23. Be3 Qxc3 24. Bxb6 axb6 25. Rxa8 Rxa8 26. Qf7+ Kh8 27. bxc4 Nxc4 28. Rf3 Ne3+ 29. Kh1 Qe1+ 30. Kh2 Ra2+ 31. Rf2 Rxf2+ 32. Qxf2 Qxf2+ 33. Kh1 Qg2# 0-1